00466 a2200157 4500001000700000003000400007005001700011008004100028082001800069100002700087245011400114250001200228260003400240300001000274700002400284067462OSt20211211120626.0  a658.022bZ66E1 aScarborough, Norman N.1 aEssentials of entrepreneurship and small business managementcby Norman N. Scarborough and Thomas W. Zimmerer a5th ed. aNew DelhibPHI Learningc2008 a728p. aZimmerer, Thomas W.